| 000 | 00688nam a2200181 4500 | ||
|---|---|---|---|
| 008 | 171207b xxu||||| |||| 00| 0 eng d | ||
| 020 | _a9780195064070 | ||
| 082 |
_21993 _aDC 364.3 _bl97p |
||
| 100 |
_924512 _aLundman, Richard J., author. |
||
| 245 |
_aPrevention and control of juvenile delinquency / _cRichard J. Lundman |
||
| 250 | _aSecond edition. | ||
| 260 |
_aNew York : _bOxford University Press, _c©1993 |
||
| 300 |
_axiii, 279 pages : _billustration ; _c21 cm. |
||
| 500 | _aIncludes bibliographical references and index. | ||
| 650 | 0 |
_924516 _a Juvenile justice, Administration of _zUnited States. |
|
| 650 | 0 |
_924515 _aJuvenile delinquency _zUnited States |
|
| 942 |
_2ddc _cDC |
||
| 999 |
_c7970 _d7970 |
||